• 首页
  • 本馆介绍
  • 公告通知
  • 最新文献
  • 馆藏检索
  • 电子资源
  • 读者导购
  • 参考咨询
  • 我的图书馆
  • 登录
  • 详细信息显示
  • 放入我的书架
  • 预约/预借图书
  • 作者相关作品
  • 分类相关作品
  • 丛书相关作品
  • 出版社相关作品

书目信息

  • 表格格式
  • 工作单格式
  • 卡片格式
题名:
非正式金融法律规制研究
    
 
作者: 汪丽丽 著
分册:  
出版信息: 北京   法律出版社  2013
页数: 14,331页
开本: 23cm
丛书名: 法律与金融丛书
单 册:
中图分类: D922.280.4
科图分类:
主题词: 金融法--研究--中国 , 金融法
电子资源:
ISBN: 978-7-5118-5398-1
000 01001nam0 2200277 450
001 523
005 20140908081251.00
010    @a978-7-5118-5398-1@dCNY45.00
100    @a20140103d2013 em y0chiy50 ea
101 0  @achi
102    @aCN@b110000
105    @ay z 000yy
106    @ar
200 1  @a非正式金融法律规制研究@AFei Zheng Shi Jin Rong Fa Lu^ Gui Zhi Yan Jiu@f汪丽丽著@FWang Li Li Zhu
210    @a北京@c法律出版社@d2013
215    @a14,331页@d23cm
225 2  @a法律与金融丛书
300    @a上海地方本科院校“十二五”内涵建设项目“高水平特色法学学科建设与人才培养工程(085工程)”支持
330    @a本书作者通过对我国非正式金融与其法律规制理论基础进行多角度分析,以及历史发展进程与现实实践经验的总结,提出了对我国非正式金融法律规制的构想。
461  0 @12001 @a法律与金融丛书
606 0  @a金融法@x研究@y中国
606 0  @a金融法
690    @aD922.280.4@v5
701  0 @a汪丽丽@AWang Li Li@c(女)@4著
801  0 @aCN@bTANGWEI@c20140603
905    @b0839692-94@dD922.280.4@e1091@f3
    
    非正式金融法律规制研究/汪丽丽著.-北京:法律出版社,2013
    14,331页;23cm.-(法律与金融丛书)
    上海地方本科院校“十二五”内涵建设项目“高水平特色法学学科建设与人才培养工程(085工程)”支持
    
    ISBN 978-7-5118-5398-1:CNY45.00
    本书作者通过对我国非正式金融与其法律规制理论基础进行多角度分析,以及历史发展进程与现实实践经验的总结,提出了对我国非正式金融法律规制的构想。
●
相关链接 在E读中查询图书 在五车中查询图书 在当当中查询图书 在豆瓣中查询图书


正题名:非正式金融法律规制研究     索取号:D922.280.4/1091         预约/预借

序号 登录号 条形码 馆藏地/架位号 状态 备注
1 0839692   208396920   第一样本阅览室/ [索取号:D922.280.4/1091] 在馆    
2 0839693   208396939   第一借阅区/ [索取号:D922.280.4/1091] 在馆    
3 0839694   208396948   密集书库-史法系/ [索取号:D922.280.4/1091] 在馆    
唐山师范学院图书馆 欢迎您!
大连网信软件有限公司© 版权所有